000 01532nam a22003857a 4500
003 CHAP
005 20230911124125.0
008 110920s2011 mx r 00010 spa d
010 _a102146
011 _a103118
035 _a113807
040 _cCHAP
090 _aTesis
100 1 _aMonterrosa Molina, Ricardo
_977835
245 1 0 _aPropiedades de barrera a gases y comportamiento viscoso de un recubrimiento polimérico basado en mucílago de nopal
_h[En línea]
_c/por Ricardo Monterrosa Molina
260 _aChapingo, Méx. :
_bEl autor,
_c2011
500 _aParaver el contenido del material haga clic en la liga
502 _aTesis (Ing. Agroindustrial) -- UACH. Departamento de Ingeniería Agroindustrial
590 _aALEPH
_b10
_c20130110
_lUCH01
_h1542
590 _aBATCH-UPD
_b10
_c20130110
_lUCH01
_h1652
590 _aBATCH-UPD
_b10
_c20130410
_lUCH01
_h1041
590 _aBATCH-UPD
_b10
_c20130914
_lUCH01
_h1446
590 _aBATCH-UPD
_b10
_c20140324
_lUCH01
_h1527
590 _aBATCH-UPD
_b10
_c20141002
_lUCH01
_h0851
590 _aCONVERSION
_b10
_c20130109
_lUCH01
_h1356
650 1 4 _aFruta
_xVariedades.
_943665
650 1 4 _aNopal
_xMucílago.
_981686
650 1 7 _aOpuntia ficus-indica
_2
_983389
650 1 4 _aPermeabilidad.
_987203
856 _3Finding aid
_uhttp://10.13.5.2/tesis/113807.pdf
_zTeclea aqui
901 _aBK
942 _cFOLL
949 _aTesis
_bBC
_cTES
_d33724002307579
_eTS2
_fc.2
_gDonaciØn
_h52770
_i113807
_st
949 _aTesis
_bBC
_cTES
_d33724002307611
_eTS1
_gDonaciØn
_h52769
_i113807
_st
999 _c102146
_d102146